000 01380nam a2200361 a 4500
001 ebr10476742
003 CaPaEBR
006 m u
007 cr cn|||||||||
008 990610s1999 nyu sb 000 0deng d
010 _z 99033966
020 _z1892941015 (alk. paper)
020 _z9781892941015
020 _z9781892941138 (e-book)
040 _aCaPaEBR
_cCaPaEBR
035 _a(OCoLC)742514030
041 1 _aeng
_hfre
050 1 4 _aJC229.C8
_bT6313 1999eb
082 0 4 _a320.5/12/092
_221
100 1 _aTodorov, Tzvetan,
_d1939-
240 1 0 _aBenjamin Constant.
_lEnglish
245 1 2 _aA passion for democracy
_h[electronic resource] :
_bBenjamin Constant /
_cby Tzvetan Todorov ; translated by Alice Seberry.
260 _aNew York :
_bAlgora Pub.,
_cc1999.
300 _a246 p.
504 _aIncludes bibliographical references (p. 241-243).
533 _aElectronic reproduction.
_bPalo Alto, Calif. :
_cebrary,
_d2013.
_nAvailable via World Wide Web.
_nAccess may be limited to ebrary affiliated libraries.
600 1 0 _aConstant, Benjamin,
_d1767-1830
_xPolitical and social views.
650 0 _aDemocracy.
655 7 _aElectronic books.
_2local
700 1 _aSeberry, Alice.
710 2 _aebrary, Inc.
856 4 0 _uhttp://site.ebrary.com/lib/rucke/Doc?id=10476742
_zAn electronic book accessible through the World Wide Web; click to view
999 _c116567
_d116567